[Event "Unterfranken-ch HB 58th"]
[Site "Wuerzburg"]
[Date "2007.04.10"]
[Round "3"]
[White "Walk, Chris"]
[Black "Biskopp, Wolf Ulrich"]
[Result "1-0"]
[WhiteElo "1473"]
[BlackElo "1483"]
[PlyCount "77"]
[EventDate "2007.04.09"]
[EventType "swiss"]
[EventRounds "9"]
[EventCountry "GER"]
[SourceTitle "EXT 2015"]
[Source "ChessBase"]
[SourceDate "2014.11.20"]
[SourceVersion "1"]
[SourceVersionDate "2014.11.20"]
[SourceQuality "1"]

1. e4 c5 2. Nf3 d6 3. d4 cxd4 4. Nxd4 Nf6 5. Nc3 a6 6. Bg5 e5 7. Nf3 Be7 8. Bxf6 Bxf6 9. Be2 Qb6 10. Rb1 Be6 11. 0-0 0-0 12. Nd5 Bxd5 13. Qxd5 Qc6 14. Bc4 Nd7 15. Qxc6 bxc6 16. Rfd1 Be7 17. Nd2 Nb6 18. Bb3 Rfd8 19. Nc4 Rab8 20. Na5 Rbc8 21. Rd3 d5 22. exd5 cxd5 23. c3 Rd7 24. Bc2 d4 25. Rbd1 dxc3 26. Rxc3 Rxd1+ 27. Bxd1 Rd8 28. Rc1 Bg5 29. Rb1 Rd5 30. Nb3 a5 31. Bf3 Rb5 32. Bc6 Rb4 33. Nxa5 Na4 34. Nb3 Nb6 35. g3 Rc4 36. Bb5 Rc2 37. Bd3 Rc8 38. Bb5 Rc2 39. a4 1-0

[Event "Unterfranken-ch HA 57th"]
[Site "Prichsenstadt"]
[Date "2006.04.21"]
[Round "8"]
[White "Walk, Chris"]
[Black "Ziegler, Georg"]
[Result "1-0"]
[WhiteElo "1274"]
[BlackElo "800"]
[PlyCount "47"]
[EventDate "2006.04.17"]
[EventType "swiss"]
[EventRounds "9"]
[EventCountry "GER"]
[SourceTitle "EXT 2015"]
[Source "ChessBase"]
[SourceDate "2014.11.20"]
[SourceVersion "1"]
[SourceVersionDate "2014.11.20"]
[SourceQuality "1"]

1. e4 e5 2. Nf3 d6 3. Bc4 h6 4. Nc3 c6 5. d4 Nd7 6. 0-0 b5 7. Bb3 Bb7 8. d5 Nc5 9. Be3 Nxb3 10. axb3 Ne7 11. Bxa7 Nc8 12. Be3 g5 13. Qd3 b4 14. dxc6 Bxc6 15. Nd5 Qd7 16. Nf6+ Ke7 17. Nxd7 Kxd7 18. Rxa8 Bxa8 19. Nxe5+ Ke6 20. Nf3 Bg7 21. Qc4+ Kf6 22. Bd4+ Kg6 23. Bxg7 Rg8 24. Bxh6 1-0